| 000 | 01283nam a2200253 i 4500 | ||
|---|---|---|---|
| 003 | DO-SdBNP | ||
| 005 | 20251021104512.0 | ||
| 007 | ta | ||
| 008 | 251021b2005 dr ||||| |||| 00| 0 spa d | ||
| 040 |
_aDO-SdBNP _bspa _cBNPHU _erda |
||
| 041 | _aspa | ||
| 082 | 4 |
_axxx _bR426s _222 |
|
| 110 | 1 |
_aRepública Dominicana. _bSuperintendencia de Valores de la República Dominicana _988718 |
|
| 245 | 1 | 0 |
_aManual para elaborar prospectos de emisión y colocación de títulos de deuda de oferta pública _cdirección técnica, autor, Luis Torres E. ; elaboración, |
| 264 |
_aSanto Domingo : _bSuperintendencia de Valores de la República Dominicana, _c2005. |
||
| 300 |
_a70 páginas : _bilustraciones, gráficos ; _c26 cm. |
||
| 336 |
_atexto _btxt _2rdacontent |
||
| 337 |
_asin mediación _bn _2rdamedia |
||
| 338 |
_avolumen _bnc _2rdacarrier |
||
| 505 | _aPresentación, 1 -- Introducción, 3 -- Estructura de un prospecto de colocación, 7 -- Contenido, 7 -- Índice, 9-- Responsables del contenido del prospecto de colocación y organismos supervisores, 9 -- Sobre los valores y características de la emisión, 12 -- Información sobre el emisor, 33 -- Anexos, 67 | ||
| 590 | _aInventariado, 2025 /LP | ||
| 700 | 1 |
_aTorres E., Luis _4director _edir. _988719 |
|
| 942 |
_2ddc _cLBS1 |
||
| 999 |
_c59982 _d59982 |
||